• 首页
  • 本馆介绍
  • 公告通知
  • 最新文献
  • 馆藏检索
  • 电子资源
  • 读者导购
  • 参考咨询
  • 我的图书馆
  • 登录
  • 详细信息显示
  • 放入我的书架
  • 预约/预借图书
  • 作者相关作品
  • 分类相关作品
  • 丛书相关作品
  • 出版社相关作品

书目信息

  • 表格格式
  • 工作单格式
  • 卡片格式
题名:
文坛泰斗的故事
    
 
作者: 邸成光 主编
分册:  
出版信息: 延吉   延边人民出版社  2005.05
页数: 152页
开本: 20cm
丛书名: 科学人文系列丛书
单 册:
中图分类: K815.6
科图分类:
主题词: 传记
电子资源:
ISBN: 7-80698-503-4
000 00620nam0 2200217 450
001 21658
005 20080107111814.96
010    @a7-80698-503-4@dCNY24.60
100    @a20060509d2005 km y0chiy0120 ea
101 0  @achi
200 1  @a文坛泰斗的故事@Awen tan tai dou de gu shi@f邸成光主编@Fdi cheng guang zhu bian
210    @a延吉@c延边人民出版社@d2005.05
215    @a152页@d20cm
225 2  @a科学人文系列丛书
410  0 @12001 @a科学人文系列丛书
606 0  @a传记
690    @aK815.6@v4
701  0 @a邸成光@Adi cheng guang@4主编
801  0 @aCN@bNISOFT@c20080107
905    @aBZT@dK815.6@e1
906    @dCNY24.60@n0@r1
    
    文坛泰斗的故事/邸成光主编.-延吉:延边人民出版社,2005.05
    152页;20cm.-(科学人文系列丛书)
    
    
    ISBN 7-80698-503-4:CNY24.60
    
●
相关链接 在五车中查询图书 在当当中查询图书 在豆瓣中查询图书


正题名:文坛泰斗的故事     索取号:K815.6/1         预约/预借

序号 登录号 条形码 馆藏地/架位号 状态 备注
1 623550   2000623550   中心书库南/019架A面3层6列/ [索取号:K815.6/1] 在馆    
2 623551   2000623551   中心书库南/019架A面3层6列/ [索取号:K815.6/1] 在馆    
3 623552   2000623552   中心书库南/019架A面3层6列/ [索取号:K815.6/1] 在馆    
4 623553   2000623553   中心书库南/019架A面3层6列/ [索取号:K815.6/1] 在馆    
5 623554   2000623554   中心书库南/019架A面1层7列/ [索取号:K815.6/1] 在馆    
6 623555   2000623555   中心书库南/019架A面3层6列/ [索取号:K815.6/1] 在馆    
7 623556   2000623556   中心书库南/019架A面3层6列/ [索取号:K815.6/1] 在馆    
8 623557   2000623557   中心书库南/019架A面3层6列/ [索取号:K815.6/1] 在馆    
9 623558   2000623558   中心书库南/019架A面3层6列/ [索取号:K815.6/1] 在馆    
10 623559   2000623559   中心书库南/019架A面3层6列/ [索取号:K815.6/1] 在馆    
山东省滨州职业学院图书馆 欢迎您!
大连网信软件有限公司© 版权所有